[Event "Olimpiada Calviá 2004"]
[Site "Calviá ESP"]
[Date "2004.10.18"]
[Round "4.3"]
[White "Delchev, Aleksander"]
[Black "Sutovsky, Emil"]
[Result "0-1"]
[WhiteElo "2601"]
[BlackElo "2697"]
[PlyCount "104"]
[EventDate "2004.10.15"]
[EventType "team"]
[EventRounds "14"]
[EventCountry "ESP"]
[Source "lmi"]
[SourceDate "2004.10.27"]

1. e4 c5 2. Nf3 d6 3. d4 cxd4 4. Nxd4 Nf6 5. Nc3 a6 6. Be2 e5 7. Nb3 Be7 8. Bg5
O-O 9. Bxf6 Bxf6 10. Qd3 Be6 11. O-O-O Be7 12. Nd5 Bxd5 13. Qxd5 Qb6 14. Rhf1
Nd7 15. Kb1 Nf6 16. Qd3 Rfd8 17. Bf3 a5 18. Nd2 a4 19. Nc4 Qc5 20. Na3 Bf8 21.
g4 b5 22. g5 b4 23. Nb5 Ne8 24. Qd5 Qb6 25. Bh5 g6 26. Be2 Ra5 27. Bc4 Rd7 28.
f4 Nc7 29. Nxc7 Rxc7 30. Qd3 Rac5 31. Bd5 Rc3 32. Qe2 Rxc2 33. Qxc2 Rxc2 34.
Kxc2 Qe3 35. Rde1 Qc5+ 36. Kb1 a3 37. Re2 Qb5 38. Rff2 Qd3+ 39. Rc2 Qd1+ 40.
Rc1 Qd3+ 41. Rcc2 Qe3 42. Rce2 Qd3+ 43. Rc2 exf4 44. Rfd2 Qe3 45. Re2 Qg1+ 46.
Rc1 Qd4 47. Rec2 f3 48. Rf1 h5 49. gxh6 Bxh6 50. h4 Qd3 51. Bc4 Qxe4 52. Rd1 f2
0-1

[Event "Olimpiada Calviá 2004"]
[Site "Calviá ESP"]
[Date "2004.10.18"]
[Round "4.4"]
[White "Dearing, Eddie"]
[Black "Mamedov, Rauf"]
[Result "1-0"]
[WhiteElo "2376"]
[BlackElo "2517"]
[PlyCount "121"]
[EventDate "2004.10.15"]
[EventType "team"]
[EventRounds "14"]
[EventCountry "ESP"]
[Source "lmi"]
[SourceDate "2004.10.27"]

1. d4 Nf6 2. c4 g6 3. Nc3 Bg7 4. e4 d6 5. h3 O-O 6. Bg5 c5 7. d5 e6 8. Bd3 exd5
9. cxd5 Re8 10. Nf3 a6 11. a4 Nbd7 12. O-O h6 13. Bf4 Qe7 14. Re1 Ne5 15. Nxe5
dxe5 16. Be3 Nh5 17. a5 Bd7 18. Na4 Bxa4 19. Rxa4 Rac8 20. Rc4 Bf8 21. Qd2 Qd7
22. Rec1 g5 23. Be2 Nf6 24. Qc2 Rb8 25. Bxc5 Bxc5 26. Rxc5 Qd6 27. Qd3 Kg7 28.
Qf3 Re7 29. b4 Nd7 30. R5c4 Ree8 31. Qf5 Nf6 32. R1c3 Ng8 33. h4 Ne7 34. Qg4
Rg8 35. h5 f5 36. exf5 Kf6 37. Qe4 Qxd5 38. Bf3 Qxe4 39. Bxe4 Rgd8 40. Rc7 Rd4
41. Rxb7 Rxb7 42. Bxb7 Rxb4 43. Bxa6 Ra4 44. Rc5 Nxf5 45. Bb7 Nd6 46. Rc6 Ke7
47. a6 Kd7 48. Rb6 Kc7 49. Rc6+ Kd7 50. Rc5 Nxb7 51. axb7 Rb4 52. Ra5 Rxb7 53.
Ra6 Rb1+ 54. Kh2 Rb2 55. f3 Rb4 56. Rxh6 Rh4+ 57. Kg3 Ke7 58. Kf2 e4 59. fxe4
Rxe4 60. Rg6 Re5 61. Kg3 1-0

[Event "Olimpiada Calviá 2004"]
[Site "Calviá ESP"]
[Date "2004.10.18"]
[Round "4.5"]
[White "Minasian, Artashes"]
[Black "Predojevic, Borki"]
[Result "1/2-1/2"]
[WhiteElo "2584"]
[BlackElo "2509"]
[PlyCount "154"]
[EventDate "2004.10.15"]
[EventType "team"]
[EventRounds "14"]
[EventCountry "ESP"]
[Source "lmi"]
[SourceDate "2004.10.27"]

1. e4 c5 2. Nf3 e6 3. d4 cxd4 4. Nxd4 a6 5. Nc3 Qc7 6. Be2 b5 7. O-O Bb7 8. Re1
Nc6 9. Nxc6 dxc6 10. e5 Bb4 11. a4 Ne7 12. Bd2 Bxc3 13. Bxc3 O-O 14. Qd6 Qxd6
15. exd6 Nd5 16. Ba5 Bc8 17. Bf3 Bd7 18. b3 b4 19. Rad1 Rfc8 20. Rd4 c5 21. Rd2
Rc6 22. Bxd5 exd5 23. Rxd5 Kf8 24. Bc7 Re8 25. Rde5 Rxe5 26. Rxe5 c4 27. h4 f6
28. Re4 f5 29. Re5 cxb3 30. cxb3 Rc3 31. Ba5 Rd3 32. Bxb4 Rxb3 33. Bc5 Rc3 34.
h5 h6 35. a5 Kg8 36. f3 Rd3 37. Kf2 f4 38. Re7 Bb5 39. Rb7 Ba4 40. Rb6 Rd2+ 41.
Kg1 Rd1+ 42. Kh2 Rd5 43. Bb4 Rxh5+ 44. Kg1 Bb5 45. Rb8+ Kh7 46. Rf8 Rd5 47.
Rxf4 g5 48. Rf6 h5 49. Re6 Rd4 50. Bc3 Rd3 51. Bf6 g4 52. Bh4 Rd2 53. f4 Rd3
54. g3 Rd1+ 55. Kf2 Rd2+ 56. Ke1 Rd5 57. Be7 Kg7 58. Re3 Kg6 59. Rb3 Kf7 60.
Kf2 Ke6 61. Ke3 Bd7 62. Ra3 Kf5 63. Ra2 Bb5 64. Rd2 Rxd2 65. Kxd2 Ke4 66. Kc3
Kd5 67. f5 h4 68. f6 Ke6 69. gxh4 g3 70. Bd8 Be8 71. Bb6 Kxf6 72. h5 Ke6 73. h6
Bg6 74. Kd2 Kxd6 75. Ke3 g2 76. Kf3 Ke6 77. Kxg2 Kf7 1/2-1/2

[Event "Olimpiada Calviá 2004"]
[Site "Calviá ESP"]
[Date "2004.10.18"]
[Round "4.7"]
[White "Nijboer, Friso"]
[Black "Quezada, Yuniesky"]
[Result "1/2-1/2"]
[WhiteElo "2567"]
[BlackElo "2513"]
[PlyCount "176"]
[EventDate "2004.10.15"]
[EventType "team"]
[EventRounds "14"]
[EventCountry "ESP"]
[Source "lmi"]
[SourceDate "2004.10.27"]

1. e4 c5 2. Nf3 d6 3. d4 cxd4 4. Nxd4 Nf6 5. Nc3 a6 6. Be3 e5 7. Nb3 Be6 8. f3
Nbd7 9. g4 Nb6 10. g5 Nh5 11. Qd2 Be7 12. O-O-O Rc8 13. Kb1 O-O 14. Rg1 Qc7 15.
Qf2 Nc4 16. Bxc4 Qxc4 17. Qd2 g6 18. Rg2 b5 19. h4 Kh8 20. Na5 Qc7 21. Nd5 Bxd5
22. exd5 f6 23. Rf1 fxg5 24. hxg5 Rf5 25. Nc6 Rcf8 26. Qe2 Kg8 27. Rg4 Nf4 28.
Bxf4 Rxf4 29. a4 bxa4 30. Rfg1 a5 31. Qb5 Bd8 32. Rxf4 Rxf4 33. Rg3 Qb6 34.
Qxb6 Bxb6 35. c3 Bf2 36. Rh3 Bh4 37. Ne7+ Kg7 38. Nc8 e4 39. fxe4 Rxe4 40. Nxd6
Re1+ 41. Ka2 Bxg5 42. Rd3 h5 43. Nb7 Re7 44. Nc5 Re3 45. Rd1 Kf7 46. d6 h4 47.
Nb7 h3 48. d7 Kg7 49. c4 h2 50. Rh1 Rd3 51. Nc5 Rd6 52. Ne4 Rxd7 53. Nxg5 Rd2
54. Nf3 Rc2 55. Rxh2 Rxc4 56. Rg2 Re4 57. Rg5 a3 58. bxa3 Re2+ 59. Kb1 Re3 60.
Nh4 Rxa3 61. Rxg6+ Kf7 62. Ra6 Rb3+ 63. Kc2 Rb5 64. Nf3 Ke7 65. Kc3 Kd7 66. Kc4
Rh5 67. Kd4 Rb5 68. Ne5+ Kc7 69. Rh6 Kb7 70. Nd7 Rb1 71. Nc5+ Kc7 72. Kc4 Rb2
73. Ne6+ Kd7 74. Nd4 Rb1 75. Ra6 Ra1 76. Kd5 Ke7 77. Nb3 Rd1+ 78. Kc5 Rb1 79.
Nxa5 Rc1+ 80. Nc4 Kd7 81. Rh6 Ke7 82. Kd4 Rd1+ 83. Ke4 Re1+ 84. Ne3 Kd7 85. Kd4
Ra1 86. Nf5 Rd1+ 87. Ke5 Re1+ 88. Kd5 Rd1+ 1/2-1/2

[Event "Olimpiada Calviá 2004"]
[Site "Calviá ESP"]
[Date "2004.10.18"]
[Round "4.8"]
[White "Hebden, Mark"]
[Black "Zugic, Igor"]
[Result "1/2-1/2"]
[WhiteElo "2550"]
[BlackElo "2479"]
[PlyCount "67"]
[EventDate "2004.10.15"]
[EventType "team"]
[EventRounds "14"]
[EventCountry "ESP"]
[Source "lmi"]
[SourceDate "2004.10.27"]

1. d4 Nf6 2. Nf3 e6 3. c3 b6 4. Bg5 Bb7 5. Nbd2 h6 6. Bxf6 Qxf6 7. e4 g6 8. Bd3
Bg7 9. O-O O-O 10. Qe2 d6 11. a4 a5 12. Ne1 c5 13. dxc5 bxc5 14. Bb5 d5 15.
Nef3 Na6 16. Rfe1 c4 17. e5 Qe7 18. Bxa6 Bxa6 19. Nd4 Qd7 20. f4 Rfb8 21. N2f3
Rb6 22. Qf2 Rab8 23. Re2 Qb7 24. Ra2 Qe7 25. h3 Bc8 26. Nb5 Bd7 27. Nfd4 Bf8
28. Kh2 Qd8 29. g4 Bc5 30. Qg3 Qf8 31. f5 Qg7 32. f6 Qf8 33. Qg2 R8b7 34. h4
1/2-1/2

[Event "Olimpiada Calviá 2004"]
[Site "Calviá ESP"]
[Date "2004.10.18"]
[Round "4.9"]
[White "Jobava, Baadur"]
[Black "Kovacevic, Aleksandar"]
[Result "1-0"]
[WhiteElo "2614"]
[BlackElo "2556"]
[PlyCount "85"]
[EventDate "2004.10.15"]
[EventType "team"]
[EventRounds "14"]
[EventCountry "ESP"]
[Source "lmi"]
[SourceDate "2004.10.27"]

1. d4 Nf6 2. c4 e6 3. Nf3 b6 4. Bg5 Bb7 5. Nc3 h6 6. Bh4 g5 7. Bg3 Nh5 8. Qc2
Nxg3 9. hxg3 Bg7 10. O-O-O d6 11. e3 Nd7 12. d5 Qe7 13. Nd4 Bxd4 14. exd4 O-O-O
15. Bd3 Kb8 16. Rhe1 Qf6 17. dxe6 fxe6 18. Be4 c6 19. d5 cxd5 20. cxd5 e5 21.
Bf5 Qg7 22. Kb1 Nc5 23. b4 Na6 24. a3 Rhf8 25. g4 Nc7 26. f3 Bc8 27. Bxc8 Rxc8
28. Qd3 Ne8 29. Ne4 Qd7 30. Rc1 Rxc1+ 31. Rxc1 Nf6 32. Rc6 Nxe4 33. Qxe4 Rf6
34. Kb2 Qf7 35. Qc4 Qd7 36. Qc2 Kb7 37. b5 Kb8 38. a4 Kb7 39. Ka3 Kb8 40. a5
bxa5 41. b6 axb6 42. Rxb6+ Ka7 43. Qf2 1-0

[Event "Olimpiada Calviá 2004"]
[Site "Calviá ESP"]
[Date "2004.10.18"]
[Round "4.9"]
[White "Kosic, Dragan"]
[Black "Gelashvili, Tamaz"]
[Result "1-0"]
[WhiteElo "2519"]
[BlackElo "2576"]
[PlyCount "109"]
[EventDate "2004.10.15"]
[EventType "team"]
[EventRounds "14"]
[EventCountry "ESP"]
[Source "lmi"]
[SourceDate "2004.10.27"]

1. d4 Nf6 2. Nf3 e6 3. e3 b6 4. Bd3 Bb7 5. O-O d5 6. c4 Bd6 7. Nc3 O-O 8. cxd5
exd5 9. Nb5 Be7 10. Qc2 a6 11. Nc3 Nbd7 12. Ne5 c5 13. Bf5 g6 14. Bh3 Bd6 15.
Nxd7 Nxd7 16. dxc5 bxc5 17. Rd1 Nf6 18. g3 d4 19. exd4 cxd4 20. Rxd4 Qc7 21.
Bg2 Bxg2 22. Kxg2 Be5 23. Ra4 Rab8 24. Kg1 Rfc8 25. Bf4 Bxf4 26. Rxf4 Nd5 27.
Rd4 Qa5 28. Qa4 Qxa4 29. Nxa4 Nb6 30. b3 Nxa4 31. Rxa4 Rb6 32. Rd1 Rc2 33. Rdd4
Rb2 34. Rf4 Kg7 35. g4 h6 36. Kg2 Rd6 37. h3 Re6 38. b4 g5 39. Rf3 f6 40. a3
Kg6 41. Ra5 h5 42. gxh5+ Kxh5 43. Rc5 Kg6 44. Rc4 Rb1 45. Rfc3 Ra1 46. h4 Re5
47. Rc5 gxh4 48. Rxe5 fxe5 49. Rc6+ Kf5 50. Rxa6 Kg4 51. b5 e4 52. Ra4 h3+ 53.
Kh2 Kf3 54. b6 Ra2 55. b7 1-0

[Event "Olimpiada Calviá 2004"]
[Site "Calviá ESP"]
[Date "2004.10.18"]
[Round "4.10"]
[White "Movsesian, Sergei"]
[Black "Svetushkin, Dmitry"]
[Result "1-0"]
[WhiteElo "2629"]
[BlackElo "2568"]
[PlyCount "85"]
[EventDate "2004.10.15"]
[EventType "team"]
[EventRounds "14"]
[EventCountry "ESP"]
[Source "lmi"]
[SourceDate "2004.10.27"]

1. e4 c6 2. d4 d5 3. e5 c5 4. dxc5 Nc6 5. Bb5 e6 6. Be3 Nge7 7. c3 Bd7 8. Bxc6
Bxc6 9. Nf3 Nf5 10. Bd4 Nxd4 11. Qxd4 Qa5 12. b4 Qa6 13. a4 b6 14. Qf4 d4 15.
Ng5 Qb7 16. b5 Bxg2 17. c6 Qc7 18. Rg1 Bd5 19. cxd4 f6 20. Nh3 fxe5 21. Qxe5
Bb4+ 22. Nd2 Qxe5+ 23. dxe5 Bc3 24. Ra3 Bxe5 25. Re3 Bd4 26. Rd3 Bf6 27. Nf4
O-O-O 28. Kd1 Rhf8 29. Kc2 Rf7 30. Re1 Bg5 31. Nxd5 exd5 32. f3 Rf4 33. Re5 Bf6
34. Rexd5 Rxd5 35. Rxd5 Rxa4 36. Kb3 Rd4 37. Rxd4 Bxd4 38. Kc4 Bg1 39. h3 Kc7
40. Kd5 a6 41. bxa6 b5 42. Nb3 b4 43. Nc5 1-0

[Event "Olimpiada Calviá 2004"]
[Site "Calviá ESP"]
[Date "2004.10.18"]
[Round "4.10"]
[White "Manik, Mikulas"]
[Black "Khruschiov, Alexey"]
[Result "1-0"]
[WhiteElo "2510"]
[BlackElo "2440"]
[PlyCount "49"]
[EventDate "2004.10.15"]
[EventType "team"]
[EventRounds "14"]
[EventCountry "ESP"]
[Source "lmi"]
[SourceDate "2004.10.27"]

1. e4 e5 2. Nf3 Nc6 3. Bb5 a6 4. Ba4 Nf6 5. O-O Be7 6. Re1 b5 7. Bb3 O-O 8. d4
d6 9. c3 Bg4 10. Be3 Re8 11. Nbd2 d5 12. h3 exd4 13. cxd4 Bxf3 14. Qxf3 dxe4
15. Nxe4 Nxd4 16. Bxd4 Qxd4 17. Ng5 Qxb2 18. Bxf7+ Kh8 19. Rab1 Qa3 20. Rb3 Qc5
21. Bxe8 Rxe8 22. Rbe3 c6 23. Ne4 Nxe4 24. Qxe4 Kg8 25. Qe6+ 1-0

[Event "Olimpiada Calviá 2004"]
[Site "Calviá ESP"]
[Date "2004.10.18"]
[Round "4.10"]
[White "Komliakov, Viktor"]
[Black "Likavsky, Tomas"]
[Result "1/2-1/2"]
[WhiteElo "2434"]
[BlackElo "2449"]
[PlyCount "67"]
[EventDate "2004.10.15"]
[EventType "team"]
[EventRounds "14"]
[EventCountry "ESP"]
[Source "lmi"]
[SourceDate "2004.10.27"]

1. e4 c5 2. Nf3 e6 3. c4 a6 4. Nc3 Nc6 5. Be2 Nd4 6. O-O d6 7. Nxd4 cxd4 8. Nb1
g6 9. d3 Bg7 10. Nd2 Ne7 11. b4 O-O 12. Nb3 f5 13. exf5 gxf5 14. Bg5 e5 15. Bf3
Bf6 16. Bxf6 Rxf6 17. Re1 Ng6 18. c5 d5 19. Bh5 Qc7 20. Bxg6 Rxg6 21. f4 e4 22.
dxe4 dxe4 23. Qxd4 Qxf4 24. Qd8+ Kf7 25. Re2 Qe5 26. Rf1 Rb8 27. Qh4 Kg8 28.
Qd8+ Kf7 29. Qd4 Qxd4+ 30. Nxd4 Rf6 31. Ref2 b6 32. c6 Kg6 33. c7 Rb7 34. Nxf5
1/2-1/2

[Event "Olimpiada Calviá 2004"]
[Site "Calviá ESP"]
[Date "2004.10.18"]
[Round "4.11"]
[White "Johannessen, Leif Erlend"]
[Black "Dorfman, Josif D"]
[Result "1/2-1/2"]
[WhiteElo "2519"]
[BlackElo "2596"]
[PlyCount "59"]
[EventDate "2004.10.15"]
[EventType "team"]
[EventRounds "14"]
[EventCountry "ESP"]
[Source "lmi"]
[SourceDate "2004.10.27"]

1. d4 Nf6 2. c4 e6 3. Nf3 b6 4. Nc3 Bb7 5. a3 d5 6. cxd5 Nxd5 7. Qc2 Nxc3 8.
bxc3 Be7 9. e4 O-O 10. Bd3 c5 11. O-O Qc8 12. Qe2 Ba6 13. Rd1 Bxd3 14. Rxd3 Nd7
15. e5 Re8 16. Bg5 Nf8 17. Bxe7 Rxe7 18. Ng5 cxd4 19. cxd4 Qa6 20. Ne4 Rc8 21.
Qf3 Rc2 22. Rc3 Rxc3 23. Qxc3 Qb7 24. Nd6 Rc7 25. Qg3 Qc6 26. Rd1 Qc2 27. Qf3
Qc6 28. Qg3 Qc2 29. Qf3 Qc6 30. Qg3 1/2-1/2

[Event "Olimpiada Calviá 2004"]
[Site "Calviá ESP"]
[Date "2004.10.18"]
[Round "4.11"]
[White "Lie, Kjetil A"]
[Black "Degraeve, Jean-Marc"]
[Result "1/2-1/2"]
[WhiteElo "2474"]
[BlackElo "2551"]
[PlyCount "135"]
[EventDate "2004.10.15"]
[EventType "team"]
[EventRounds "14"]
[EventCountry "ESP"]
[Source "lmi"]
[SourceDate "2004.10.27"]

1. c4 e5 2. g3 Nf6 3. Bg2 c6 4. d4 Bb4+ 5. Bd2 Bxd2+ 6. Qxd2 d6 7. e3 Be6 8. b3
exd4 9. Qxd4 d5 10. cxd5 Bxd5 11. Nf3 Qa5+ 12. b4 Qb6 13. Qe5+ Be6 14. Nbd2
Qxb4 15. Rb1 Qe7 16. Nd4 Nbd7 17. Qa5 Qc5 18. Qc7 Bd5 19. O-O Bxg2 20. Kxg2
Qd5+ 21. N2f3 c5 22. e4 Nxe4 23. Rfd1 Qxa2 24. Nd2 cxd4 25. Nxe4 Qd5 26. Qxb7
Nf6 27. Qxd5 Nxd5 28. Rxd4 Nb6 29. Nd6+ Kf8 30. Rc1 Rd8 31. Rc7 Rd7 32. Rxd7
Nxd7 33. Nxf7 Kxf7 34. Rxd7+ Kf6 35. Rxa7 h5 36. Ra6+ Kf7 37. Kh3 Rb8 38. Ra4
Rb2 39. Rf4+ Kg6 40. Rf8 Ra2 41. Kh4 Rb2 42. h3 Rb5 43. Rh8 Rb4+ 44. f4 Rb5 45.
Re8 Kh6 46. Rh8+ Kg6 47. Re8 Kh6 48. Re6+ g6 49. g4 hxg4 50. hxg4 Kg7 51. Re5
Rb7 52. Kg5 Ra7 53. Rb5 Rc7 54. Ra5 Rb7 55. Rc5 Ra7 56. Rc6 Ra5+ 57. f5 gxf5
58. gxf5 Ra7 59. Rb6 Rc7 60. Ra6 Rb7 61. Rg6+ Kf7 62. Rh6 Kg7 63. f6+ Kg8 64.
Kg6 Rg7+ 65. Kf5 Ra7 66. Rh4 Ra1 67. Re4 Kf7 68. Re7+ 1/2-1/2

[Event "Olimpiada Calviá 2004"]
[Site "Calviá ESP"]
[Date "2004.10.18"]
[Round "4.11"]
[White "Fontaine, Robert"]
[Black "Elsness, Frode"]
[Result "1-0"]
[WhiteElo "2531"]
[BlackElo "2425"]
[PlyCount "82"]
[EventDate "2004.10.15"]
[EventType "team"]
[EventRounds "14"]
[EventCountry "ESP"]
[Source "lmi"]
[SourceDate "2004.10.27"]

1. e4 e5 2. Nf3 Nc6 3. Bb5 Nf6 4. O-O Nxe4 5. d4 Nd6 6. dxe5 Nxb5 7. a4 Nbd4 8.
Nxd4 Nxd4 9. Qxd4 d5 10. Nc3 c6 11. Be3 Bf5 12. f4 Qc8 13. Qd2 Bb4 14. Qf2 b6
15. Ne2 Bxc2 16. f5 Bd3 17. Rad1 Qa6 18. f6 g6 19. Nd4 Bxf1 20. Rxf1 c5 21. Nb5
O-O-O 22. b3 Rhe8 23. Bf4 c4 24. Qf3 Bc5+ 25. Kh1 cxb3 26. Qxb3 Qa5 27. Rc1 Kb7
28. h3 Rd7 29. Rxc5 bxc5 30. Nd6+ Kc6 31. Nxe8 Rb7 32. Qd1 Rb4 33. e6 fxe6 34.
Qe1 Qxa4 35. Qxe6+ Kb5 36. Nc7+ Kc4 37. Qxd5+ Kc3 38. Bd2+ Kc2 39. Bxb4 Qxb4
40. f7 Qe1+ 41. Kh2 Qf2 1-0

[Event "Olimpiada Calviá 2004"]
[Site "Calviá ESP"]
[Date "2004.10.18"]
[Round "4.12"]
[White "Papaioannou, Ioannis"]
[Black "Krasenkow, Michal"]
[Result "1-0"]
[WhiteElo "2577"]
[BlackElo "2676"]
[PlyCount "85"]
[EventDate "2004.10.15"]
[EventType "team"]
[EventRounds "14"]
[EventCountry "ESP"]
[Source "lmi"]
[SourceDate "2004.10.27"]

1. d4 Nf6 2. Nf3 g6 3. Bg5 Bg7 4. Nbd2 d5 5. e3 O-O 6. Be2 c5 7. c3 b6 8. O-O
Ba6 9. Bxa6 Nxa6 10. Qe2 Qc8 11. e4 cxd4 12. Nxd4 dxe4 13. Nxe4 Nxe4 14. Qxe4
Nc5 15. Qe2 e5 16. Nb5 Qc6 17. Rad1 Ne6 18. Rd6 Qb7 19. Be3 Rfd8 20. Rfd1 Bf8
21. Rxd8 Rxd8 22. Rxd8 Nxd8 23. Qd3 Ne6 24. c4 Qe7 25. h3 Nc5 26. Qd5 a5 27.
Nc3 Qe8 28. Bg5 Nd7 29. Ne4 Kg7 30. Qc6 Be7 31. Be3 Qd8 32. Nc3 Bc5 33. Bxc5
Nxc5 34. Nd5 Qg5 35. Qxb6 Qc1+ 36. Kh2 Ne6 37. b3 Qb2 38. Qe3 f5 39. Qa7+ Kh6
40. Qe7 Nd4 41. Qf8+ Kg5 42. f4+ exf4 43. h4+ 1-0

[Event "Olimpiada Calviá 2004"]
[Site "Calviá ESP"]
[Date "2004.10.18"]
[Round "4.12"]
[White "Nikolaidis, Ioannis"]
[Black "Miton, Kamil"]
[Result "1/2-1/2"]
[WhiteElo "2527"]
[BlackElo "2600"]
[PlyCount "105"]
[EventDate "2004.10.15"]
[EventType "team"]
[EventRounds "14"]
[EventCountry "ESP"]
[Source "lmi"]
[SourceDate "2004.10.27"]

1. Nf3 c5 2. e4 Nc6 3. Bb5 e6 4. Bxc6 bxc6 5. O-O Ne7 6. c4 Ng6 7. d4 cxd4 8.
Qxd4 c5 9. Qd3 Be7 10. Nc3 O-O 11. Be3 Bb7 12. Rad1 Bc6 13. Nd2 Qb8 14. b3 f5
15. exf5 Rxf5 16. Nde4 Nf4 17. Qd2 Nxg2 18. Kxg2 d5 19. cxd5 exd5 20. Nxd5 Bxd5
21. Qxd5+ Rxd5 22. Rxd5 Qc8 23. f3 Qa6 24. Rf2 Qg6+ 25. Kh1 Qe6 26. Rd1 Qf5 27.
Kg2 Rf8 28. Rc1 Qg6+ 29. Kh1 Rf5 30. Bxc5 Qh6 31. Rc4 Bxc5 32. Nxc5 Qe3 33. Ne4
h6 34. Kg2 Kh7 35. Ng3 Rf6 36. Re4 Qc5 37. Rc4 Qe3 38. Re4 Qd3 39. Rg4 Rc6 40.
Re2 Rc3 41. Rf4 Rc2 42. Rfe4 Rc3 43. Rf4 Rc2 44. Rfe4 Rc1 45. Rg4 h5 46. Rh4 g6
47. Rhe4 Rc3 48. Rf2 Kh6 49. h4 Rc1 50. Rfe2 Rc2 51. Nf5+ gxf5 52. Re6+ Kg7 53.
Re7+ 1/2-1/2

[Event "Olimpiada Calviá 2004"]
[Site "Calviá ESP"]
[Date "2004.10.18"]
[Round "4.13"]
[White "Fridman, Daniel"]
[Black "Navara, David"]
[Result "1/2-1/2"]
[WhiteElo "2578"]
[BlackElo "2620"]
[PlyCount "70"]
[EventDate "2004.10.15"]
[EventType "team"]
[EventRounds "14"]
[EventCountry "ESP"]
[Source "lmi"]
[SourceDate "2004.10.27"]

1. d4 Nf6 2. Nf3 e6 3. c4 b6 4. e3 Bb7 5. Bd3 d5 6. O-O Bd6 7. Nc3 O-O 8. b3
Nbd7 9. Bb2 c5 10. cxd5 exd5 11. Qe2 a6 12. Rfd1 Re8 13. Rac1 Qe7 14. Bf5 Bc6
15. a4 Nf8 16. a5 bxa5 17. dxc5 Bxc5 18. Na4 Bb5 19. Bd3 Ba3 20. Bxa3 Qxa3 21.
Nd4 Bxd3 22. Qxd3 N8d7 23. h3 h6 24. Rc7 Rac8 25. Rxc8 Rxc8 26. Qxa6 Rc1 27.
Qf1 Rxd1 28. Qxd1 Ne4 29. Qe1 Ne5 30. Qb1 Qb4 31. Qd1 g6 32. Ne2 Nd3 33. Qxd3
Qe1+ 34. Kh2 Nxf2 35. Qxd5 Ng4+ 1/2-1/2

[Event "Olimpiada Calviá 2004"]
[Site "Calviá ESP"]
[Date "2004.10.18"]
[Round "4.13"]
[White "Stocek, Jiri"]
[Black "Antoms, Guntars"]
[Result "1-0"]
[WhiteElo "2569"]
[BlackElo "2461"]
[PlyCount "149"]
[EventDate "2004.10.15"]
[EventType "team"]
[EventRounds "14"]
[EventCountry "ESP"]
[Source "lmi"]
[SourceDate "2004.10.27"]

1. d4 Nf6 2. c4 c5 3. d5 b5 4. Nf3 g6 5. cxb5 a6 6. b6 d6 7. Nc3 Bg7 8. e4 O-O
9. h3 Qxb6 10. Be2 e6 11. Nd2 exd5 12. exd5 Nbd7 13. Nc4 Qb8 14. O-O Nb6 15.
Na5 Bf5 16. Bf3 Re8 17. Bf4 Qc7 18. Rc1 Ne4 19. Re1 Nxc3 20. bxc3 c4 21. Nc6
Bd3 22. Rxe8+ Rxe8 23. Nb4 Be4 24. Nxa6 Qd7 25. Nb4 Na4 26. Bxe4 Rxe4 27. Bd2
f5 28. Kf1 Qb5 29. a3 Nc5 30. Qc2 Qa5 31. Ra1 Nb3 32. Re1 Qxa3 33. Rxe4 fxe4
34. Ke2 Nc5 35. Qa2 Qxa2 36. Nxa2 Kf7 37. Be3 Nd3 38. Kd2 Be5 39. Nb4 Nf4 40.
Bxf4 Bxf4+ 41. Ke2 h5 42. Nc6 Kf6 43. h4 Kf5 44. Ne7+ Kf6 45. Nc6 Kf5 46. Na5
Ke5 47. Nxc4+ Kxd5 48. Nb6+ Kc5 49. Nd7+ Kc4 50. Nf8 Kxc3 51. Nxg6 Bh6 52. Ne7
Bg7 53. Nd5+ Kc4 54. Nf4 d5 55. Nxh5 Be5 56. Ng3 Bxg3 57. fxg3 Kd4 58. g4 Ke5
59. g5 d4 60. g6 Kf6 61. h5 Kg7 62. g4 Kh6 63. g5+ Kg7 64. Kd2 Kg8 65. h6 Kh8
66. g7+ Kh7 67. g6+ Kg8 68. Ke2 d3+ 69. Kd2 e3+ 70. Kxd3 e2 71. h7+ Kxg7 72.
Kxe2 Kh8 73. Kf3 Kg7 74. Kf4 Kh8 75. Kg5 1-0

[Event "Olimpiada Calviá 2004"]
[Site "Calviá ESP"]
[Date "2004.10.18"]
[Round "4.14"]
[White "Felgaer, Ruben"]
[Black "Nisipeanu, Liviu-Dieter"]
[Result "1-0"]
[WhiteElo "2569"]
[BlackElo "2687"]
[PlyCount "145"]
[EventDate "2004.10.15"]
[EventType "team"]
[EventRounds "14"]
[EventCountry "ESP"]
[Source "lmi"]
[SourceDate "2004.10.27"]

1. e4 e5 2. Nf3 d6 3. d4 exd4 4. Nxd4 Nf6 5. Nc3 Be7 6. Be2 O-O 7. O-O Re8 8.
f4 Bf8 9. Bf3 c5 10. Nde2 Nc6 11. b3 a5 12. Bb2 a4 13. e5 a3 14. Bxa3 dxe5 15.
Qxd8 Rxd8 16. Bxc6 bxc6 17. fxe5 Ng4 18. Na4 Ba6 19. c4 Bxc4 20. Rfe1 Ne3 21.
Rac1 Rd2 22. Nec3 Nc2 23. Ne4 Re2 24. Rxe2 Bxe2 25. Rxc2 Bd3 26. Rc1 Bxe4 27.
Bxc5 Bd5 28. Kf2 Bxc5+ 29. Rxc5 Kf8 30. Rc2 Ke7 31. Ke3 Rb8 32. Nc5 f6 33.
exf6+ gxf6 34. a3 Kd6 35. b4 Re8+ 36. Kd4 Re1 37. Rf2 Rd1+ 38. Kc3 Ra1 39. a4
Ke5 40. Re2+ Kd6 41. g3 Rc1+ 42. Rc2 Rf1 43. a5 f5 44. a6 f4 45. a7 Ra1 46.
Nb7+ Kc7 47. Na5 c5 48. Kd2 Kb6 49. Rxc5 Ra2+ 50. Kd3 Ba8 51. gxf4 Rxh2 52. Rf5
Kxa7 53. Kc4 Rc2+ 54. Kd4 Rd2+ 55. Kc5 Rd7 56. b5 Bf3 57. b6+ Ka6 58. Nc4 h5
59. Nd6 Re7 60. Rg5 Re1 61. Rg7 Rc1+ 62. Nc4 Bb7 63. Rg3 Bc8 64. Rg7 Bb7 65. f5
h4 66. Rh7 Rd1 67. f6 Rd5+ 68. Kb4 Rb5+ 69. Ka4 Rb1 70. f7 Rf1 71. Kb4 Rf6 72.
Rh8 Rxf7 73. Rh5 1-0

[Event "Olimpiada Calviá 2004"]
[Site "Calviá ESP"]
[Date "2004.10.18"]
[Round "4.14"]
[White "Marin, Mihail"]
[Black "Sorin, Ariel"]
[Result "1/2-1/2"]
[WhiteElo "2511"]
[BlackElo "2509"]
[PlyCount "89"]
[EventDate "2004.10.15"]
[EventType "team"]
[EventRounds "14"]
[EventCountry "ESP"]
[Source "lmi"]
[SourceDate "2004.10.27"]

1. c4 g6 2. Nf3 Bg7 3. d4 Nf6 4. g3 O-O 5. Bg2 d6 6. O-O c5 7. Nc3 Nc6 8. d5
Na5 9. Nd2 e5 10. b3 Ne8 11. e4 f5 12. exf5 gxf5 13. Bb2 Bd7 14. Qc2 Nf6 15.
Rae1 a6 16. f4 e4 17. Nd1 b5 18. Ne3 h5 19. Bh3 Ng4 20. Bxg4 hxg4 21. Bxg7 Kxg7
22. Qc3+ Kf7 23. h3 b4 24. Qb2 gxh3 25. Kh2 Qf6 26. Qxf6+ Kxf6 27. g4 Rae8 28.
g5+ Kg7 29. Kxh3 Rh8+ 30. Kg3 Nb7 31. Rh1 a5 32. a4 bxa3 33. Nb1 Rxh1 34. Rxh1
Nd8 35. Nxa3 Nf7 36. Ra1 Kg6 37. Nac2 Rb8 38. Ra3 Ne5 39. Ne1 Ra8 40. N1g2 Nf3
41. Ra1 Kg7 42. Rh1 Rh8 43. Ra1 Ra8 44. Rh1 Rh8 45. Ra1 1/2-1/2

[Event "Olimpiada Calviá 2004"]
[Site "Calviá ESP"]
[Date "2004.10.18"]
[Round "4.14"]
[White "Soppe, Guillermo"]
[Black "Parligras, Mircea"]
[Result "1-0"]
[WhiteElo "2433"]
[BlackElo "2559"]
[PlyCount "61"]
[EventDate "2004.10.15"]
[EventType "team"]
[EventRounds "14"]
[EventCountry "ESP"]
[Source "lmi"]
[SourceDate "2004.10.27"]

1. d4 Nf6 2. Nf3 e6 3. e3 b6 4. Bd3 Bb7 5. O-O g6 6. c4 Bg7 7. Nc3 c5 8. d5
exd5 9. cxd5 Nxd5 10. Nxd5 Bxd5 11. Bxg6 hxg6 12. Qxd5 Nc6 13. e4 Rh5 14. e5
Bxe5 15. Re1 f6 16. Nxe5 Rxe5 17. Bf4 Ne7 18. Rxe5 fxe5 19. Qxe5 d6 20. Qf6 Nc8
21. Qxg6+ Kd7 22. Rd1 Qe7 23. h4 Qe6 24. Qh7+ Kc6 25. h5 Rb8 26. f3 Qxa2 27.
Qe4+ Kd7 28. h6 Qb3 29. Rd3 Qxb2 30. h7 Kc7 31. Be5 1-0